000 00397nam a2200145Ia 4500
008 220216s9999 xx 000 0 und d
100 _aSaraswathyamma C.K.
245 0 _aRelationship of seed weight and seedling vigour in Hevea
260 _bRubber Board Bulletin
_c1976
300 _a28-29
650 _aRubber seed weight
650 _aSeedling growth
700 _aNair V.K.B.
942 _cBS
999 _c48961
_d48961